अकबर बीरबल के हास्य व्यंग्य (Record no. 63149)
[ view plain ]
| 000 -LEADER | |
|---|---|
| fixed length control field | 00409nam a22000977a 4500 |
| 100 ## - MAIN ENTRY--AUTHOR NAME | |
| Personal name | मलिक,राजेन्द्र सिंह |
| 245 ## - TITLE STATEMENT | |
| Title | अकबर बीरबल के हास्य व्यंग्य |
| 260 ## - PUBLICATION, DISTRIBUTION, ETC. (IMPRINT) | |
| Place of publication | नई दिल्ली |
| Name of publisher | हर्ष पब्लिकेशंस |
| Year of publication | 2017 |
| 650 ## - SUBJECT ADDED ENTRY--TOPICAL TERM | |
| Topical Term | चिल्ड्रन बुक |
| 942 ## - ADDED ENTRY ELEMENTS (KOHA) | |
| Koha item type | Hindi Books |
| Withdrawn status | Lost status | Damaged status | Not for loan | Home library | Current library | Date acquired | Cost, normal purchase price | Full call number | Accession Number | Price effective from | Koha item type |
|---|---|---|---|---|---|---|---|---|---|---|---|
| MACL | MACL | 05/09/2020 | 795.00 | 741.642 | RRC000155 | 05/09/2020 | Hindi Books |









